ÇOBAN AŞKIN ÇOCUĞUYDU (Kayıt no. 888125)

MARC ayrıntıları
000 -LEADER
sabit uzunluktaki kontrol alanı 00258nam a2200097Ia 4500
001 - KONTROL NUMARASI
kontrol alanı 888125
005 - EN SON İŞLEMİN TARİH VE ZAMANI
kontrol alanı 20250826182848.0
008 - SABİT-UZUNLUKTA VERİ ÖĞELERİ--GENEL BİLGİ
sabit uzunluktaki kontrol alanı 250824s9999 xx 000 0 und d
245 #0 - ESER / YAZAR
ESER ADI ÇOBAN AŞKIN ÇOCUĞUYDU
Yazar Adı HUZEYME YEŞİM KOÇAK
260 ## - YAYIN, DAĞITIM, VB.
YAYIN EVİ AKÇAĞ YAYINLARI
Mevcut
Düşüm durumu Kayıp durumu Hasar Durumu Ödünç verilmez Ana kütüphane Geçerli Kütüphane Edinilen tarih Toplam ödünç verme sayısı Barkod Son görüntüleme tarihi Fiyatın geçerli olmaya başladığı tarih Koha materyal türü
        KAŞGARLI MAHMUT ORTAOKULU KAŞGARLI MAHMUT ORTAOKULU 24.08.2025   10645764 26.08.2025 26.08.2025 Kitaplar
Gemini Bilgi Teknolojileri A.Ş. tarafından düzenlenmiştir.